Machine Learning Technoques/ (Record no. 212340)

MARC details
000 -LEADER
fixed length control field 00727nam a22002297a 4500
005 - DATE AND TIME OF LATEST TRANSACTION
control field 20250711123008.0
010 ## - LCCN (DPL NO)
LC control number ENG-145934
020 ## - INTERNATIONAL STANDARD BOOK NUMBER
International Standard Book Number 9789391772253
Terms of availability 300.00
035 ## - SYSTEM CONTROL NUMBER
System control number EN-129466
037 ## - SOURCE OF ACQUISITION
Source of stock number/acquisition DBAD
082 ## - DEWEY DECIMAL CLASSIFICATION NUMBER
Classification number 006.31
100 ## - MAIN ENTRY--PERSONAL NAME
Personal name Srinivassulu, Asadi
245 ## - TITLE STATEMENT
Title Machine Learning Technoques/
Statement of responsibility, etc Asadi Srinivassulu...[et.al]
250 ## - EDITION STATEMENT
Edition statement 1
260 ## - PUBLICATION, DISTRIBUTION, ETC. (IMPRINT)
Place of publication, distribution, etc Chennai
Name of publisher, distributor, etc Forschung Publications
Date of publication, distribution, etc 2022
270 ## - ADDRESS
Address Mogappair
City Chennai
Telephone number 9626166683
Electronic mail address forchungpublications@gmail.com
300 ## - PHYSICAL DESCRIPTION
Extent 182p.
Dimensions 24cm(pb)
700 ## - ADDED ENTRY--PERSONAL NAME
Personal name Kshirsagar, Pravin Ramdas
Relator term Author
9 (RLIN) 82927
700 ## - ADDED ENTRY--PERSONAL NAME
Personal name Athilingam, R.
Relator term Author
9 (RLIN) 82928
700 ## - ADDED ENTRY--PERSONAL NAME
Personal name Das, Sunanda
Relator term Author
9 (RLIN) 82929
942 ## - ADDED ENTRY ELEMENTS (KOHA)
Source of classification or shelving scheme Dewey Decimal Classification
Item type English Books
Classification part 006.31
Call number suffix SRI
Holdings
Withdrawn status Lost status Not for loan Collection code Home library Current library Date acquired Source of acquisition Cost, normal purchase price Full call number Barcode Copy number Cost, replacement price Koha item type
      Non-fiction Janak Puri Janak Puri 11/07/2025 Delivery of Books Act Division 300.00 006.31 SRI EN-129466 1 300.00 English Books

© Delhi Public Library
Hit Counter
free hit counter